000 01741 a2200289 4500
003 OSt
005 20180116192338.0
008 120516t xxu||||| |||| 00| 0 eng d
020 _a0750665440 (paperback)
020 _a9780750665445 (paperback)
040 _c0
082 0 4 _a720.47
100 1 _aSmith, Peter F.
_91481
245 1 0 _aArchitecture in a climate of change, second edition /
_cPeter F Smith.
250 _a2nd ed.
260 _aAmsterdam :
_bArchitectural Press,
_c2005.
300 _a192 p. :
_bill.;
_c25 cm.
500 _aIncludes index
520 _aRevised to incorporate and reflect changes and advances since it was first published the new edition of Architecture in a Climate of Change provides the latest basic principals of sustainability and the future of sustainable technology. Including new material on wind generation, domestic water conservation, solar thermal electricity as well as international case studies Architecture in a Climate of Change encourages readers to consider new approaches to building making minimum demand on fossil based energy. 1. Offers an insight into the relationship between the physical and cultural context of architecture 2. Discusses the principles of sustainability and the future of its technology 3. Case studies show the global relevance of the topic.
650 0 _aArchitecture and energy conservation
_91482
650 0 _aArchitecture
_xEnvironmental aspects
_91483
650 0 _aSustainable architecture
_91484
650 0 _aArchitecture and climate
_91485
856 4 0 _3Amazon.com
_uhttp://www.amazon.com/exec/obidos/ASIN/0750665440/chopaconline-20
942 _aSADA
_cBK
_k720.47 SMI 2005
_2ddc
999 _c352550
_d352550